| 000 | 00555nam a22001937a 4500 | ||
|---|---|---|---|
| 999 |
_c1713 _d1713 |
||
| 001 | 9588 | ||
| 003 | BD-DhUAP | ||
| 005 | 20200212153808.0 | ||
| 008 | 200212s1998 bg ||||| |||| 00| 0 eng d | ||
| 040 |
_aBD-DhUAP _bEng _cBD-DhUAP _dBD-DhUAP |
||
| 082 |
_223 _a348.5492046 BLD |
||
| 245 | _aBLD'S 12-years civil digest (1981-1992). | ||
| 250 | _a1st ed. | ||
| 260 |
_aDhaka : _bBangladesh bar council, _c1998. |
||
| 300 |
_axiv, 527 pages ; _c25 cm. |
||
| 650 |
_aLaw reports, digests, etc _zBangladesh. |
||
| 710 | _aBangladesh bar council | ||
| 942 |
_2ddc _cBK |
||